| 000 | 00452nam a2200205Ia 4500 | ||
|---|---|---|---|
| 008 | 210210b2011 xxu||||| |||| 00| 0 eng d | ||
| 041 | _aeng | ||
| 082 | _a335.43 LENW | ||
| 100 | _aLENIN | ||
| 245 | _aWhat is to be done? | ||
| 260 |
_aNew Delhi _bPeoples Publishing House Pvt. Ltd. _c2011 |
||
| 300 | _a182 | ||
| 650 | _aWhat | ||
| 650 | _ato | ||
| 650 | _ais | ||
| 650 | _adone? | ||
| 650 | _abe | ||
| 690 | _aCommunism | ||
| 906 | _a066509 | ||
| 999 |
_c147720 _d147720 |
||